Recycling and reclaiming of municipal solid wastes (Record no. 34316)

MARC details
000 -LEADER
fixed length control field 00397nam a2200157Ia 4500
020 ## - INTERNATIONAL STANDARD BOOK NUMBER
ISBN 0- 8155- 0560- 4
050 ## - CALL MARK
Classification number TD794.5.J32/
100 ## - STATEMENT OF RESPONSIBILITY--MAIN AUTHOR NAME
Personal name F. R. Jackson
245 #0 - TITLE STATEMENT
Title Recycling and reclaiming of municipal solid wastes
260 ## - PUBLICATION, DISTRIBUTION, ETC. (IMPRINT)
Name of publisher Noyes data corporation
260 ## - PUBLICATION, DISTRIBUTION, ETC. (IMPRINT)
Year of publication 1975
300 ## - PHYSICAL DESCRIPTION
Number of Pages 342 p
942 ## - ADDED ENTRY ELEMENTS (KOHA)
Koha item type Books
Holdings
Withdrawn status Lost status Source of classification or shelving scheme Damaged status Not for loan Permanent Location Current Location Date acquired Accession Number Price effective from Koha item type
    Library of Congress Classification     NILE UNIVERSITY OF NIGERIA - MAIN LIBRARY NILE UNIVERSITY OF NIGERIA - MAIN LIBRARY 04/23/2025 0009271 04/23/2025 Books